000 00843nam a2200229 i 4500
001 36955
003 ES-MaACL
005 20230906155457.0
007 t|
008 030219q1981 sp ||||1| spa d
100 1 _aBover, Jaume.
_931118
245 1 0 _aBibliografía de Joaquín María Bover de Roselló /
_cJaume Bover.
260 _a[Palma de Mallorca] :
_bBiblioteca Bartolomé March,
_c[1981?]
300 _aP. 60, 5 lám. ;
_c25 cm.
490 1 _aFontes rerum Balearium. Subsidia ;
_v1
500 _aSeparata de: Bolletí de la Societat Arqueologica Luliana, 1981, t. XXXVIII.
600 1 4 _aBover, Joaquín María (
_d1810-1865)
_9146861
740 0 _aBolletí de la Societát Arqueologica Luliana.
830 0 _aFontes rerum Balearium. Subsidia ;
_v1
_9184365
852 _aES-MaACL
_j2136-F-5
_bR.110579
999 _c36955
_d36955